000 00663nam a2200241Ia 4500
003 OSt
005 20220927104719.0
006 a|||||r|||| 00| 0
007 ta
008 220926b |||||||| |||| 00| 0 eng d
024 _a144686
037 _cReference Collections
040 _aRTL
_cRTL
_beng
041 _2eng
_aeng
082 _a"Sk, M3/RR"
100 _aHarre Rom
_9366853
245 0 _aEncyclopedic dictionary of psychology
260 _aOxford
_bBlackwell
_c1983
300 _a718p
_ccm.
700 _a Lamb Roger Ed.
_9366854
942 _h"Sk, M3/RR"
_cCC
999 _c688346
_d688346